Normal view
MARC view
Entry Personal Name
001 - CONTROL NUMBER
- control field: 1023
003 - CONTROL NUMBER IDENTIFIER
- control field: PK-NaQUE
005 - DATE AND TIME OF LATEST TRANSACTION
- control field: 20260629120307.0
008 - FIXED-LENGTH DATA ELEMENTS
- fixed length control field: 260629|| aca||aabn | a|a d
040 ## - CATALOGING SOURCE
- Original cataloging agency: PK-NaQUE
- Transcribing agency: PK-NaQUE
100 ## - HEADING--PERSONAL NAME
- Personal name: Sundas Tasleem
- Personal name: 21-MSIT-28
- Personal name: Supervisor - Dr. Mehwish Leghari
670 ## - SOURCE DATA FOUND
- Source citation: Work cat.: (PK-NaQUE)69081: Sundas Tasleem 21-MSIT-28 Supervisor - Dr. Mehwish Leghari , fake NEWS Detection on X Twitter Using Machine Learning Techniques ( Thesis MS), 2025